Cylindric algebras /

Guardado en:
Autor Principal: Henkin, Leon.
Otros Autores: Monk, J. Donald 1930-, Tarski, Alfred.
Formato: Libro
Idioma:English
Publicado: Amsterdam : North-Holland, 1971-1985.
Series:Studies in logic and the foundations of mathematics ; v. 64, 115
Materias:
Acceso en línea:Publisher description
Etiquetas: Agregar Etiqueta
Sin Etiquetas, Sea el primero en etiquetar este registro!
LEADER 01084cam a2200289 a 4500
001 MAT.inmabb004453
008 711129m19711985ne#######b####001#0#eng##
005 20151117143536.0
245 0 0 |a Cylindric algebras /  |c Leon Henkin, J. Donald Monk, Alfred Tarski. 
260 |a Amsterdam :  |b North-Holland,  |c 1971-1985. 
300 |a 2 v. ;  |c 23 cm. 
440 0 |a Studies in logic and the foundations of mathematics ;  |v v. 64, 115 
504 |a Incluye referencias bibliográficas e índices. 
510 4 |a MR,  |c 47 #3171  |3 (pt. 1) 
510 4 |a MR,  |c 86m:03095b  |3 (pt. 2) 
500 |a La biblioteca sólo posee pt. 1.  |5 AR-BbIMB 
020 |a 0720420431 (pt. 1) 
020 |a 0444876790 (pt. 2) 
100 1 |a Henkin, Leon. 
700 1 |a Monk, J. Donald  |q (James Donald),  |d 1930- 
700 1 |a Tarski, Alfred. 
650 0 |a Cylindric algebras. 
084 |a 03G15 (03-02 06E25 08Axx)  |2 msc2000 
010 |a  77126903  
040 |a DLC  |c DLC  |d DLC 
856 4 2 |3 Publisher description  |u http://www.loc.gov/catdir/enhancements/fy0601/77126903-d.html 
859 |h 03  |i H513c  |p A-3669  |3 pt. 1  |b BIB. MATEMATICA